| 000 | 00992cam a2200289 4500 | ||
|---|---|---|---|
| 008 | 090401t1997 xxu||||| |||| 00| 0 eng d | ||
| 020 | _a1900858142 | ||
| 035 | _a(Sirsi) u79396 | ||
| 041 | _aeng | ||
| 050 | _a690.24 | ||
| 110 |
_aBuilding Maintenance Information _93229 |
||
| 245 | _aComputer aided maintenance and facilities management systems for building maintenance. | ||
| 260 |
_aKingston upon Thames _bBMI _c1997 |
||
| 300 | _a28p. ; 30cm. | ||
| 350 | _a0 | ||
| 490 |
_aBMI Special Report _v260 |
||
| 520 | _aThis item is part of a subscription service and cannot be photocopied. Neither can be any part of it be read out over the phone. Please contact BMI direct on 0171 222 7000 for details. | ||
| 650 | _aCAFM | ||
| 650 | _aCAMM | ||
| 650 | _aCOMPUTER AIDED FACILITIES MANAGEMENT SYSTEMS | ||
| 650 | _aCOMPUTER AIDED MAINTENANCE MANAGEMENT | ||
| 650 | _aDIRECTORIES | ||
| 650 | _aSOFTWARE | ||
| 690 | _aBUILT ENVIRONMENT | ||
| 942 | _n0 | ||
| 948 | _c02/07/1997 | ||
| 999 |
_c96535 _d96535 |
||